Diccionario. Grandes temas de la fe cristiana

Gespeichert in:
Bibliographische Detailangaben
Format: keine Angabe
Sprache:Spanisch
Erschienen: Barcelona Bruño 1981
Katalog:MANES:  Suchergebnis im Bibliothekskatalog
Schulbuchspezifische Eigenschaften:
Schriftenreihe:Cultura Religiosa; E. D.
Tags: Tag hinzufügen
Keine Tags, Fügen Sie den ersten Tag hinzu!
Hinzugefügt zu:26.04.2016

MARC

LEADER 000000000a22000000004500
001 01018
003 OSt
008 160427s sp ||||| |||| 00| 0 spa d
040 |c centro_manes 
691 0 |a SE 
245 0 0 |a Diccionario. Grandes temas de la fe cristiana 
260 3 |a Barcelona  |b Bruño  |c 1981 
300 |a 399 p.  |c 22x16 cm 
440 |a Cultura Religiosa; E. D.  |9 62 
500 |a Traducción de la original italiana "Dizionario dei temi della fede" (SEI, Turín 1977), y en parte, de la versión francesa del mismo libro "Les grands thèmes de la foi" (Desclée, Paris 1979). Fecha de publicación tomada del Depósito Legal 
690 7 |a RyM 
942 |2 ddc  |c BK 
546 |a España 
999 |c 6992  |d 6992 
999 |c manes:6992  |d 6992